00446nam a2200169Ia 4500008004100000020001800041050001400059100001700073245002600090245005800116260001500174260002900189260000900218300001400227300002500241300001000266180207s9999 xx 000 0 und d a9780603565618 bM659 1995 aMilne, A. A. aEeyore losse a tail / cby A. A. Milne with decorations by Ernest H. Shepard. aNew York : bDutton Children's Books, c1995 aunpaged : bcolor illustration ; c19cm.